| 000 | 01524nam a2200265 u 4500 | ||
|---|---|---|---|
| 001 | 000003038 | ||
| 003 | DO-SdBNP | ||
| 005 | 20240304104226.0 | ||
| 007 | ta | ||
| 008 | 090706s2004 dr bcd r 000 0 spa d | ||
| 040 |
_aDO-SdBNP _bspa _cBNPHU |
||
| 082 | 4 |
_a333.716 _bR426m _222 |
|
| 110 | 1 |
_aRepública Dominicana. _b Secretaría de Estado de Medio Ambiente y Recursos Naturales _914503 |
|
| 245 | 0 | 0 |
_aMemoria y rendición de cuentas 2000 - 2004 / _crecopilación de datos Olga Luciano, Margarita Marmolejos. |
| 260 |
_aSanto Domingo : _bSecretaría de Estado de Medio Ambiente y Recursos Naturales, _c2004. |
||
| 300 |
_a188 p. : _bmapa, retratos, gráficos ; _c27 cm. |
||
| 500 | _aIncluye índice | ||
| 505 | 0 | _aReordenamiento y desarrollo institucional -- Marco normativo y regulatorio de la gestión ambiental -- Valorización de las areas protegidas y conservación de la biodiversidad -- Reorganización del sector forestal : hacia una política forestal nacional -- Protección y conservación de las aguas y los recursos costeros y marinos -- Sistema nacional de información. Gestión ambiental municipal -- Educación ambiental -- La República Dominicana en los acuerdos multilaterales de medio ambiente. | |
| 590 | _aInventariado, 2018/MFF | ||
| 610 | 1 | 4 |
_aRepública Dominicana. _b Secretaría de Estado de Medio Ambiente y Recursos Naturales _914503 _y2000-2004 |
| 700 | 1 |
_aLuciano, Olga _99616 |
|
| 700 | 1 |
_aMarmolejos, Margarita _99617 |
|
| 910 | _aValidado. Control de calidad MFF | ||
| 942 |
_2ddc _cLBS1 |
||
| 999 |
_c2869 _d2869 |
||